ბათუმის შოთა რუსთაველის სახელმწიფო უნივერსიტეტის ბიბლიოთეკა

ერგატიული კონსტრუქციის პრობლემა იბერიულ-კავკასიურ ენებში ტ. 1 : (ბიბ.ჩანაწერი № 53181)

000 -ლიდერი
ფიქსირებული სიგრძის საკონტროლო ველი 01885nam a2200265Ia 4500
001 - საკონტროლო ნომერი
საკონტროლო ველი 20222
003 - საკონტროლო ნომრის იდენტიფიკატორი
საკონტროლო ველი GE_BSU
005 - ბოლო ოპერაციის თარიღი და დრო
საკონტროლო ველი 20200621212201.0
008 - ფიქსირებული სიგრძის მონაცემთა ელემენტები - ზოგადი ინფორმაცია
ფიქსირებული სიგრძის საკონტროლო ველი 181216s1948||||ge |||||||||||||| ||geo||
040 ## - კატალოგიზაციის წყარო
Transcribing agency GE_BSU
041 ## - ენის კოდი
Language code of text/sound track or separate title geo
080 ## - უნივერსალური ათობითი კლასიფიკაციის ინდექსი
Universal Decimal Classification number 811.35'367.3 ჩ-69
100 ## - მთავარი ჩანაწერი - პიროვნების სახელი
Personal name ჩიქობავა, არნოლდ
9 (RLIN) 1234
245 ## - ცნობა სათაურის შესახებ
Title ერგატიული კონსტრუქციის პრობლემა იბერიულ-კავკასიურ ენებში ტ. 1 :
Remainder of title ნომინატიური და ერგატიული კონსტრუქციის ისტორიული ურთიერთობა ძველი ქართული სალიტერატურო ენის მონაცემთა მიხედვით /
Statement of responsibility, etc არნოლდ ჩიქობავა ; რედ. ვლ. ფანჩვიძე.
264 ## - წარმოების, გამოცემის, დისტრიბუციის და სხვა ცნობები
გამოცემის, წარმოების, დისტრიბუციის... ადგილი თბილისი :
გამოცემის, წარმოების, დისტრიბუციის... სახელწოდება საქ. სსრ მეცნ. აკად. გამ-ბა და სტ.,
გამოცემის, წარმოების, დისტრიბუციის... თარიღი 1948.
300 ## - ფიზიკური აღწერა
Extent 149 გვ. ;
Dimensions 26 სმ.
504 ## - BIBLIOGRAPHY, ETC. NOTE
Bibliography, etc ბიბლიოგრაფია : ლიტერატურა შენიშვნებში
520 ## - SUMMARY, ETC.
Summary, etc თავფურ. პარალ. ქართულ და რუსულ ენებზე. - ტექსტში დასკვნითი დებულებები რუსულ ენაზე.
653 ## - INDEX TERM--UNCONTROLLED
Uncontrolled term იბერიულ-კავკასიური ენები
700 ## - ADDED ENTRY--PERSONAL NAME
Personal name ფანჩვიძე, ვლ.
Relator term რედაქტორი
9 (RLIN) 7792
710 ## - ADDED ENTRY--CORPORATE NAME
Corporate name or jurisdiction name as entry element საქ. სსრ მეცნიერებათა აკადემია
9 (RLIN) 8053
710 ## - ADDED ENTRY--CORPORATE NAME
Corporate name or jurisdiction name as entry element აკად. ნ. მარის სახელობის ენის ინსტიტუტი
9 (RLIN) 8135
942 ## - ADDED ENTRY ELEMENTS (KOHA)
Koha item type წიგნი
Source of classification or shelving scheme
ეგზემპლარები
ჩამოწერის სტატუსი დაკარგული ეგზემპლარის სტატუსი კლასიფიკაციის წყარო ან თაროზე გაწყობის სქემა დაზიანების სტატუსი არ გაიცემა მუდმივი მდებარეობა (დაცვის ადგილი) ამჟამინდელი ადგილსამყოფელი შეძენის თარიღი ღირებულება, შესყიდვის ნორმალური ფასი სრული შენახვის შიფრი შტრიხკოდი ბოლო ოპერაციის თარიღი ეგზემპლარის მიმდევრობითი ნომერი (კეტერი?) ფასის ძალაში შესვლის თარიღი ეგზემპლარის სახეობა საჯარო შენიშვნა
          ბათუმის შოთა რუსთაველის სახელმწიფო უნივერსიტეტის მთავარი ბიბლიოთეკა ბათუმის შოთა რუსთაველის სახელმწიფო უნივერსიტეტის მთავარი ბიბლიოთეკა 2018-12-17 3.00 811.35'367.3 ჩ-69 52800 2018-12-17 52800 2018-12-17 წიგნი 3.00 ლ.